Responses for Show #8929 - Thursday, September 14, 2023

2023 Second Chance competition week 1, final game 1.

Contestants

[<< previous game]

Hari Parameswaran, a hardware engineer from Cupertino, California

Jill Tucker, an operations manager from Mulino, Oregon

David Maybury, a magnetics engineer originally from Richmond, Virginia

[next game >>]

Jeopardy! Round responses

RECONSTRUCTION
(Ken: You know, the NFL season just started...)
LET'S SEE HOW YOU DO WITH AMERICAN FOOTBALL
THE OHIO UNIVERSITIES
BIOLOGY
THE 2023 TIME 100
LET'S "SEE"
    $200 26
Kansas

Hari
    $200 25
quarterback

David!.
    $200 23
Cincinnati

David!.
    $200 12
Jurassic

Hari
    $200 29
Lionel Messi

Jill
    $200 30
(david!: What is the recipient?)

the addressee

David!.Jill
    $400 27
Howard

Jill
    $400 24
(david!: [Thumbs down gesture] Who are [*]?)
(Ken: Yes, not a fan.)
[Audience laughter and Jill chuckles]

the New York Giants

David!.
    $400 22
Akron

Hari
    $400 11
pollen

David!.
    $400 19
Salman Rushdie

Jill
    $400 28
foreseeable

David!.
    $600 3
Frederick Douglass

Hari
    $600 5
Madden

Jill
    $600 21
(david!: [Emphasizing "THE"] THE OHIO UNIVERSITIES for $400.)
[Jill giggles.]

Xavier

David!.
    $600 10
a missing link

David!.
    $600 7
Angela Bassett

David!.
    $600 15
beseech

David!.
    $800 4
carpetbaggers

David!.
    $800 2
Bill Belichick

Jill
    $1,000 20
(Jill: Even though I didn't go to school in Ohio let's go with THE OHIO UNIVERSITIES for $600.)

Kent State

Jill
    $800 8
an (sea) urchin

David!.
    $800 13
(Jill: Who is John Roberts?)

Samuel Alito

Jill
Triple Stumper
    $800 16
seething

Hari
    $1000 6
(Ken: It's a tough one, but an amazing story--who is [*]?)

Robert Smalls

Triple Stumper
    $1000 1
(David!: Who is John [*]?)

Heisman

David!.
    $1000 17
Bowling Green State University

David!.
    $1000 9
an eyelid

David!.
    $1000 14
Janet Yellen

David!.
    $1000 18
(Ken: Faith the size of [*].)

a mustard seed

Triple Stumper

Scores at the first commercial break (after clue 15):

David!. Jill Hari
$6,800 $600 $800

Scores at the end of the Jeopardy! Round:

David!. Jill Hari
$9,400 $2,800 $2,200

Double Jeopardy! Round responses

RECONSTRUCTION
POP CULTURE
ALLITERATIVE GEOGRAPHY
HIP-HOP LITERARY REFERENCES
SPEECHIFY"ING"
SUCH COLORFUL LANGUAGE!
    $400 29
the Cathedral of Notre Dame

Jill
    $400 28
Big Bird

David!.
    $400 5
Cape Cod

David!.
    $400 30
Dickens

Jill
    $400 27
an awakening

David!.
    $400 17
purple prose

David!.
    $800 25
(Ken: The new one, yeah.)

Yankee Stadium

Jill
    $800 24
Neil Simon

Jill
    $800 4
Phnom Penh

David!.
    $800 21
Machiavelli

Hari
    $800 26
working

Triple Stumper
    $800 18
a blue blood

David!.
    $1200 9
the Great Mosque

Hari
    $1200 23
McCovey

Jill
    $1200 3
San Simeon

Hari
    $1200 20
Kendrick Lamar

Hari
    $1200 22
(Jill: What is righteous?)
(Ken: No.)
(Jill: Right-eous, as he said.)
...
(Ken: That's right, it's gotta have the -ing, Jill.)

fitting

David!.Jill
    $1200 19
a yellowjacket

Hari
    $1600 8
the Pantheon

Hari
    $1600 6
Tori Amos

David!.
    $2,200 2
Botany Bay

Hari
    $1600 14
(Hari: Who is Ice Cube?)

Ice-T

JillHari
    $1600 15
doubling

David!.
    $1600 13
a blacklist

Hari
    $2000 7
Tulsa

David!.
    $4,800 11
(Battle of) Midway

Jill
    $2000 1
the Red River of the North

Triple Stumper
    $2000 10
Baudelaire

Jill
    $2000 16
(Hari: What's denying?)
...
(Ken: Hard clue--they were [*] them by force during hunger strikes.)

feeding

Hari
Triple Stumper
    $2000 12
(david!: What is, uh, blackout?)

to whitewash

David!.
Triple Stumper

Scores at the end of the Double Jeopardy! Round:

David!. Jill Hari
$17,000 $13,600 $9,600

Final Jeopardy! Round responses

WORLD CAPITALS
(Ken: [To Jill] In the Northern Hemisphere--what is [**]? Yes, begins and ends with "O".)
...
(Ken: [To David] The other one, incidentally, [*], the capital of Samoa, begins and ends with "A". You didn't quite get to the end of Lisbon there.)
HariWhat is Doha?
$8,000
JillWhat is Oslo?
$6,000
David!.What is Lisl?
$10,272
Apia or Oslo

Final scores:

David!. Jill Hari
$6,728 $19,600 $1,600

Game dynamics:

Coryat scores:

David!. Jill Hari
$17,000 $10,600 $9,000
25 R,
2 W
15 R
(including 2 DDs),
2 W
13 R
(including 1 DD),
2 W

Combined Coryat: $36,600

[game clues] [game scores] [suggest correction]

Game tape date: 2023-08-15
The J! Archive is created by fans, for fans. Scraping, republication, monetization, and malicious use prohibited; this site may use cookies and collect identifying information. See terms. The Jeopardy! game show and all elements thereof, including but not limited to copyright and trademark thereto, are the property of Jeopardy Productions, Inc. and are protected under law. This website is not affiliated with, sponsored by, or operated by Jeopardy Productions, Inc. Join the discussion at JBoard.tv.